Bundesliga Toptorjäger 2023/2024 - Statistiken

Allgemein
  • Dieses Quiz wurde 346 mal gespielt
  • Das Durchschnittsergebnis liegt bei 15 aus 20
Antwortstatistiken
# Spieler Verein Tore % Korrekt
1 Harry Kane FC Bayern München 36
100%
2 Serhou Guirassy VfB Stuttgart 28
94%
4 Deniz Undav VfB Stuttgart 18
93%
Florian Wirtz Bayer 04 Leverkusen 11
90%
8 Victor Boniface Bayer 04 Leverkusen 14
87%
3 Loïs Openda RB Leipzig 24
86%
Andrej Kramaric TSG 1899 Hoffenheim 15
85%
Niclas Füllkrug Borussia Dortmund 12
85%
6 Ermedin Demirovic FC Augsburg 15
81%
Tim Kleindienst 1.FC Heidenheim 12
80%
Jamal Musiala FC Bayern München 10
79%
5 Maximilian Beier TSG 1899 Hoffenheim 16
78%
11 Marvin Ducksch SV Werder Bremen 12
73%
17 Alex Grimaldo Bayer 04 Leverkusen 10
69%
10 Donyell Malen Borussia Dortmund 13
69%
Benjamin Sesko RB Leipzig 14
67%
Omar Marmoush Eintracht Frankfurt 12
67%
15 Jonas Wind VfL Wolfsburg 11
66%
Eren Dinkçi 1.FC Heidenheim 10
53%
Robin Hack Borussia Mönchengladbach 10
43%
Keine übereinstimmenden Quizze gefunden
Verteilung der Resultate
Anzahl Personen mit jedem Resultat
Perzentil nach korrekt beantworteten Fragen
Ihre Resultats-Entwicklung
Sie haben dieses Quiz noch nicht gespielt